000 00561nam a2200217 a 4500
001 0000-9384
003 ELIB.Books
008 110520 1979
020 _a080546929X
035 _a(ELIB.Books)0000-9536
082 _a232
_bBas
100 _aBaskin, Joseph R.
245 _aWhy I believe in Jesus Christ
260 _bNashville: Broadman Press
_c1979
650 _aJesus Christ
856 _nK.B.T.S Library
_uK.B.T.S Library ELIB.
942 _2ddc
_cBK
990 _a1
998 _cbat
_e2011-05-20
999 _c9384
_d9384